UBT Library

Great cases in constitutional law / (Record no. 44639)

000 -LEADER
fixed length control field 00857cam a2200253 a 4500
001 - CONTROL NUMBER
control field 11770171
005 - DATE AND TIME OF LATEST TRANSACTION
control field 20180309093149.0
008 - FIXED-LENGTH DATA ELEMENTS--GENERAL INFORMATION
fixed length control field 990812s2000 nju 001 0 eng
010 ## - LIBRARY OF CONGRESS CONTROL NUMBER
LC control number 99045171
020 ## - INTERNATIONAL STANDARD BOOK NUMBER
International Standard Book Number 0691049513 (cloth : alk. paper)
020 ## - INTERNATIONAL STANDARD BOOK NUMBER
International Standard Book Number 0691049521 (pbk. : alk. paper)
035 ## - SYSTEM CONTROL NUMBER
System control number (DLC) 99045171
040 ## - CATALOGING SOURCE
Original cataloging agency DLC
Transcribing agency DLC
Modifying agency DLC
041 ## - LANGUAGE CODE
Language code of text/sound track or separate title eng
043 ## - GEOGRAPHIC AREA CODE
Geographic area code n-us---
080 ## - UNIVERSAL DECIMAL CLASSIFICATION NUMBER
Universal Decimal Classification number 342.7302 GEO
082 00 - DEWEY DECIMAL CLASSIFICATION NUMBER
Classification number 342.7302 GEO
Edition number 21
100 ## - Rafti
Rafti 14
101 ## - Shkurtesa
Shkurtesa SHJ
245 00 - TITLE STATEMENT
Title Great cases in constitutional law /
Statement of responsibility, etc edited by Robert P. George.
906 ## - LOCAL DATA ELEMENT F, LDF (RLIN)
a 7
b cbc
c orignew
d 1
e ocip
f 19
g y-gencatlg
942 ## - ADDED ENTRY ELEMENTS (KOHA)
Source of classification or shelving scheme
Item type Books
Holdings
Withdrawn status Lost status Source of classification or shelving scheme Damaged status Not for loan Collection code Permanent location Current location Shelving location Date acquired Total Checkouts Full call number Barcode Date last seen Price effective from Koha item type
          Koleksioni i përgjithshem UBT - Lipjan UBT - Lipjan Koleksioni i përgjithshem 03/09/2018   342.7302 GEO 002-3001454 03/09/2018 03/09/2018 Books
UBT Library © 2015-2024. All rights reserved University Education for Business and Technology